ბათუმის შოთა რუსთაველის სახელმწიფო უნივერსიტეტის ბიბლიოთეკა

Справочные таблицы по деталям машин в 2-х томах. Том 1. (ბიბ.ჩანაწერი № 50715)

000 -LEADER
fixed length control field 00799nam a2200229Ia 4500
001 - CONTROL NUMBER
control field 17666
003 - CONTROL NUMBER IDENTIFIER
control field GE_BSU
008 - FIXED-LENGTH DATA ELEMENTS--GENERAL INFORMATION
fixed length control field 181216s||||||||xx |||||||||||||| ||und||
040 ## - CATALOGING SOURCE
Transcribing agency GE_BSU
080 ## - UNIVERSAL DECIMAL CLASSIFICATION NUMBER
Universal Decimal Classification number 624.81(035)
100 ## - MAIN ENTRY--PERSONAL NAME
Personal name Василев,В.З. Кохтев,А.А. Цацкин,В.С. Шапошников,К.А.
245 ## - TITLE STATEMENT
Title Справочные таблицы по деталям машин в 2-х томах. Том 1.
245 ## - TITLE STATEMENT
Statement of responsibility, etc. Ред. Т.М.Мусинян.
250 ## - EDITION STATEMENT
Edition statement 5-е изд. испр. и допол.
260 ## - PUBLICATION, DISTRIBUTION, ETC.
Place of publication, distribution, etc. М.
260 ## - PUBLICATION, DISTRIBUTION, ETC.
Name of publisher, distributor, etc. Машиностроение.
260 ## - PUBLICATION, DISTRIBUTION, ETC.
Date of publication, distribution, etc. 1965.
300 ## - PHYSICAL DESCRIPTION
Extent 716 стр. с илл. 22 см.
300 ## - PHYSICAL DESCRIPTION
Accompanying material Табл.
653 ## - INDEX TERM--UNCONTROLLED
Uncontrolled term Справочные таблицы по деталям машин в 2-х томах.
942 ## - ADDED ENTRY ELEMENTS (KOHA)
Koha item type წიგნი
ეგზემპლარები
Withdrawn status Lost status Damaged status Not for loan Date acquired Barcode Date last seen Price effective from Koha item type
        2018-12-17 10363 2018-12-17 2018-12-17 წიგნი